Microeconomics principles, problems, and policies

Guardado en:
Detalles Bibliográficos
Autor principal: McConnell, Campbell R.
Otros Autores: Brue, Stanley L.
Formato: Libro
Lenguaje:inglés
Publicado: New York McGraw-Hill 1990
Acceso en línea:Ver en el OPAC
Etiquetas: Agregar Etiqueta
Sin Etiquetas, Sea el primero en etiquetar este registro!

MARC

LEADER 00000nam a2200000 a 4500
005 20260127134357.0
008 090211 2008 xxu 000 0 eng d
020 |a 0070455228 (brož.) 
035 |a vtls009471790 
039 9 |y 200902111116  |z mschk03 
040 |a STUSCHK1  |b slo  |c STUSCHK1  |e AACR2 
100 1 |a McConnell, Campbell R. 
245 1 |a Microeconomics  |b principles, problems, and policies  |c Campbell R. McConnell, Stanley L. Brue 
260 |a New York  |b McGraw-Hill  |c 1990 
300 |a xxxi, 544 s.  |b ill. 
700 1 |a Brue, Stanley L. 
910 |a SCHK95 
919 |a 0-07-045522-8 
999 |c 11270  |d 11270